Music Quiz

Random Music or Lyrics Quiz

'Don't forget where you belong' Lyrics by One Direction Quiz Stats

Quiz not verified by Sporcle

Challenge
Share
Tweet
Embed
Score 0/278 Timer 10:00
1 Play Today
% Correct
ooh,
96.8%
oh,
96.8%
woah-oh!
96.8%
I
96.3%
mmm,
96.3%
I
96.3%
I
96.3%
I
96.3%
I
96.3%
I
96.3%
I
96.3%
I
96.3%
I
96.3%
I
96.3%
I
96.3%
I
96.3%
I
96.3%
I
96.3%
I
96.3%
I
96.3%
I
96.3%
I
96.3%
[CHORUS]
96.3%
[CHORUS]
96.3%
be
95.7%
be
95.7%
be
95.7%
a
93.6%
a
93.6%
where
93.6%
a
93.6%
where
93.6%
where
93.6%
where
93.6%
where
93.6%
the
93%
the
93%
the
93%
the
93%
the
93%
you
93%
you
93%
you
93%
You
93%
the
93%
the
93%
you
93%
you
93%
you
93%
You
93%
the
93%
the
93%
the
93%
the
93%
you
93%
You
93%
you
93%
the
93%
You
93%
Don't
92.5%
Don't
92.5%
do-on't.
92.5%
Don't
92.5%
Don't
92.5%
do-on't.
92.5%
Don't
92.5%
Don't
92.5%
do-on't.
92.5%
Don't
92.5%
of
92%
of
92%
never
92%
of
92%
of
92%
never
92%
never
92%
never
92%
of
92%
Never,
92%
never,
92%
never...
92%
never
92%
never,
92%
Never
92%
never
92%
never.
92%
belong,
90.9%
belong,
90.9%
for
90.9%
belong,
90.9%
belong,
90.9%
forget
90.4%
forget
90.4%
% Correct
forget
90.4%
forget
90.4%
forget
90.4%
forget
90.4%
forget
90.4%
forget
90.4%
On
89.3%
On
89.3%
on
89.3%
on
89.3%
on,
89.3%
on
89.3%
Been
88.8%
lot
88.8%
places,
88.8%
been
88.8%
lot
88.8%
lot
88.8%
in
88.8%
been
88.8%
in
88.8%
in
88.8%
in
88.8%
in
88.8%
I've
88.2%
know,
88.2%
know,
88.2%
know,
88.2%
know
88.2%
know,
88.2%
know,
88.2%
know,
88.2%
know
88.2%
I've
88.2%
I've
88.2%
I've
88.2%
know,
88.2%
know,
88.2%
know,
88.2%
know
88.2%
I've
88.2%
I've
88.2%
home.
87.7%
home.
87.7%
ho-ome!
87.7%
ho-ome!
87.7%
ho-ome!
87.7%
ho-ome!
87.7%
home.
87.7%
Ho-ome!
87.7%
Ho-ome!
87.7%
and
87.2%
and
87.2%
and
87.2%
and
87.2%
world.
86.6%
Seen
86.6%
faces,
86.6%
all
86.1%
your
86.1%
your
86.1%
your
86.1%
around
85.6%
this
85%
this
85%
this
85%
this
85%
this
85%
was.
84%
was.
84%
If
84%
feel
84%
feel
84%
If
84%
feel
84%
If
84%
feel
84%
ever
83.4%
alone,
83.4%
own,
83.4%
song.
83.4%
so
83.4%
ever
83.4%
alone,
83.4%
own,
83.4%
song.
83.4%
ever
83.4%
alone,
83.4%
own,
83.4%
song.
83.4%
song.
83.4%
song.
83.4%
back
82.9%
% Correct
back
82.9%
is
82.9%
is
82.9%
is
82.9%
horizon,
82.4%
rising
82.4%
horizon,
82.4%
rising
82.4%
sun
81.8%
will
81.8%
will
81.8%
proof
81.3%
proof
81.3%
proof
81.3%
but
80.2%
but
80.2%
knowing
79.7%
go.
79.7%
off.
77.5%
off
77.5%
moon
75.4%
no,
75.4%
No,
75.4%
taking
73.3%
up
71.1%
were
70.6%
ages,
70.6%
I'm
70.6%
I'm
70.6%
I'm
70.6%
were
70.6%
I'm
70.6%
were
70.6%
were
70.6%
were
70.6%
pages
69.5%
won't
69.5%
out
69%
Lights
69%
like
68.4%
packing
67.9%
who
67.9%
got
67.9%
my
67.9%
dreaming,
67.4%
when
67.4%
when
67.4%
when
67.4%
well,
66.8%
well,
66.8%
everything
66.8%
Living
66.3%
cases,
66.3%
need.
65.8%
that
65.2%
leaving,
65.2%
they
65.2%
forgetting
64.7%
should
64.7%
away
63.6%
through
63.6%
not
63.1%
written
61.5%
memory.
61.5%
are
61.5%
changes,
58.8%
Made
58.3%
stars
58.3%
long,
55.6%
flicking
55.1%
above.
54%
gone,
54%
it!
53.5%
it,
53.5%
it!
53.5%
it,
53.5%
think
52.9%
things
52.9%
always
52.9%
done.
52.4%
far
52.4%
how
51.9%
matter
51.3%
skies
48.1%
nights
47.1%
Short
45.5%
days
44.9%
even
42.8%
I'll
39.6%
to
27.8%
run
18.2%
free
15.5%

You're not logged in!

Compare scores with friends on all Sporcle quizzes.
Sign Up with Email
OR
Log In

You Might Also Like...

Show Comments

Extras

Top Quizzes Today


Score Distribution

Your Account Isn't Verified!

In order to create a playlist on Sporcle, you need to verify the email address you used during registration. Go to your Sporcle Settings to finish the process.